Classifica Marcatori Juventus All-Time - Statistics

Statistiche generali
  • Questo quiz è stato fatto 367 volte
  • Il punteggio medio è 11 su 25
Statistiche sulle risposte
Gol Nazione Stagioni alla Juventus Calciatore % Corretto
290 Italia 1993-2012 Alessandro Del Piero
100%
101 Portogallo 2018-2021 Cristiano Ronaldo
93%
115 Argentina 2015-2022 Paulo Dybala
92%
171 Francia 2000-2010 David Trezeguet
91%
66 Argentina 2016-2018, 2019-2020 Gonzalo Higuain
91%
65 Repubblica Ceca 2001-2009 Pavel Pavel Nedvěd
91%
104 Francia 1982-1987 Michel Platini
82%
167 Argentina/Italia 1957-1965 Omar Sivori
68%
115 Italia 1990-1995 Roberto Baggio
67%
182 Italia 1946-1961 Giampiero Boniperti
65%
89 Italia 1997-2001 Filippo Inzaghi
60%
178 Italia 1970-1983 Roberto Bettega
50%
68 Italia 1992-1996 Fabrizio Ravanelli
44%
109 Galles 1957-1962 John Charles
37%
132 Italia 1968-1976 Pietro Anastasi
21%
124 Danimarca 1948-1954 Johan Hansen
17%
72 Italia 1967-1968, 1970-1981 Franco Causio
13%
163 Italia 1932-1941, 1942-1946 Felice Borel
10%
88 Argentina/Italia 1929-1935 Raimundo Orsi
10%
102 Italia 1934-1941 Guglielmo Gabetto
7%
66 Italia 1957-1963 Bruno Nicolé
5%
78 Italia 1930-1942 Giovanni Ferrari
5%
114 Italia 1922-1933 Federico Munerati
4%
69 Italia 1946-1955, 1957-1959 Enrico Muccinelli
3%
69 Italia 1942-1949 Vittorio Sentimenti
3%
Nessun quiz corrispondente trovato
Distribuzione punteggi
Percentuale di utenti per punteggio
Percentile per numero di risposta
I tuoi punteggi nel tempo
Non hai fatto questo quiz